Postupy účtovania v podvojnom účtovníctve v roku 2007

Podrobná bibliografia
Hlavný autor: Kaletová, Viera (Autor)
Médium: Článok
Jazyk:slovenčina
PhysicalDescription:Tab.
ISSN:1335-0897
Predmet:

MARC

LEADER 00000nab a2200000 ar4500
001 vtls008998064
003 SK-MaSNL
005 20260303065829.0
008 070612c2007 xo mr|p|||||||000 b|slo
015 |a SNBRB2007/06  |2 snkbucl 
038 |a SNKBUCL 
040 |a SNKBUCL  |b slo  |c SNKBUCL  |e AACR2 
041 |a slo 
044 |a xo  |c SK 
080 |a 657.12  |2 1997 
100 1 |a Kaletová, Viera  |4 aut  |9 410816 
245 1 0 |a Postupy účtovania v podvojnom účtovníctve v roku 2007  |c Viera Kaletová 
300 |b Tab. 
650 0 7 |a podvojné účtovníctvo  |x postupy  |2 snkbucl  |9 1066420 
773 0 |t Daňový a účtovný poradca podnikateľa  |g Č. 6-7 (2007), s. 220-318  |x 1335-0897 
852 |a SNK  |b KIS3GCP 
999 |c 1752912  |d 1754842